00515nam a2200193Ia 4500003000400000005001700004008004100021020001500062040001800077041000800095082002200103100001900125245006300144250001200207260003600219300002400255650002000279650002200299OSt20250204085554.0210716s1983 xx 000 0 und d a0380617625 cAIMIT LIBRARY aeng a953.805 21bLACR aLacey, Robert. aKingdom:barabia and the house of Saud /cBy Robert Lacey. a1st ed. aNew York :bAvon Books ;c1983. a630p. ;bPBc17 cm. aBurning concern aProminent princes